<The> Penguin Dictionary of Curious and Interesting Words

Na minha lista:
Detalhes bibliográficos
Autor principal: Saussy III, George Stone
Formato: Livro
Idioma:inglês
Publicado em: London Penguin Books 1986
Edição:1. ed.
Tags: Adicionar Tag
Sem tags, seja o primeiro a adicionar uma tag!

MARC

LEADER 00000nam a2200000 4500
001 c022525
005 20221220072308.0
041 0 |a eng 
044 |a GB 
245 1 0 |a <The> Penguin Dictionary of Curious and Interesting Words  |c George Stone Saussy III 
250 |a 1. ed. 
264 1 |a London  |b Penguin Books  |c 1986 
300 |a 277 s. 
100 1 |a Saussy III, George Stone